000 00717nam a2200241Ia 4500
005 20260601193254.0
008 260601s9999||||xx |||||||||||||| ||und||
020 _a978-3-031-70274-7
_qebk
100 _aMarijn Janssen
245 0 _aElectronic Government
250 _a2024
260 _aHeidelberg, Germany
_bSpringer Nature
_c2024
440 _aLecture Notes in Computer Science
650 _aComputer Science
700 _aAnastasija Nikiforova
700 _aGabriela Viale Pereira
700 _aHabin Lee
700 _aIda Lindgren
700 _aJ. Ramon Gil-Garcia
700 _aJoep Crompvoets
856 _uhttps://link.springer.com/openurl?genre=book&isbn=978-3-031-70274-7
942 _cEB
_2ddc
999 _c56807
_d56807